Make a Silhouette of North America Quiz Stats

 Plays Quiz Updated Dec 2, 2019

Score 0/14 Timer 05:00
112 Plays Today
% Correct
Canada
98.3%
United States of America
94.7%
Mississippi-Missouri River
94.7%
Atlantic Ocean
91.4%
Pacific Ocean
91.1%
Lake Superior
86.9%
23
86.1%
% Correct
0
86%
The Rocky Mountains
85.1%
Mexico City
83.4%
Puerto Rico
65.5%
Badwater Basin
63.5%
Saint Kitts and Nevis
57.6%
Greenland
56.1%

You're not logged in!

Compare scores with friends on all Sporcle quizzes.
OR
Log In

Sporcle TV

Today on Sporcle TV


Watch our educational content, quiz creation guides, and fun videos on Sporcle TV.

Show Comments

Extras

Top Quizzes Today


Score Distribution

Your Account Isn't Verified!

In order to create a playlist on Sporcle, you need to verify the email address you used during registration. Go to your Sporcle Settings to finish the process.

Report this User

Report this user for behavior that violates our Community Guidelines.

Details: